[Event "St Petersburg White Nights op"]
[Site "St Petersburg"]
[Date "2001.06.17"]
[Round "9"]
[White "Bogachkov, Igor"]
[Black "Anjuhin, Alex"]
[Result "1-0"]
[WhiteElo "2333"]
[BlackElo "2460"]
[PlyCount "57"]
[EventDate "2001.06.09"]
[EventType "swiss"]
[EventRounds "9"]
[EventCountry "RUS"]
[SourceTitle "CBM 082 Extra"]
[Source "ChessBase"]
[SourceDate "2001.07.03"]
[SourceVersion "1"]
[SourceVersionDate "2001.07.03"]
[SourceQuality "1"]

1. e4 c6 2. d4 d5 3. e5 Bf5 4. h4 h5 5. c4 e6 6. Nc3 Nd7 7. cxd5 cxd5 8. Bg5 Be7 9. Be2 Bxg5 10. hxg5 Qxg5 11. Nb5 Kf8 12. Nf3 Qd8 13. Nd6 Bg6 14. Nh4 Ne7 15. Rc1 Kg8 16. Rh3 Nf5 17. Nhxf5 exf5 18. Qb3 Nb6 19. a4 Qg5 20. Rc7 Qxg2 21. Rg3 Qh1+ 22. Kd2 h4 23. Rxg6 fxg6 24. a5 h3 25. axb6 Kh7 26. Rc3 Kg8 27. Bf3 Qh2 28. Bxd5+ Kf8 29. Bg2 1-0